| 000 | 00469nam a2200145 4500 | ||
|---|---|---|---|
| 020 | _a978-970-26-1082-3 | ||
| 050 | _aTA345 M66 2007 | ||
| 082 | _a620.001.51 M821m 2007 | ||
| 100 | _aMoore, Holly | ||
| 245 | _aMATLAB para ingenieros / Holly Moore, Campos Olguín Víctor | ||
| 250 | _aMéxico: Pearson | ||
| 260 | _axiii, 608 p. / 26 cm. | ||
| 300 | _a1. MATEMÁTICAS PARA INGENIEROS / 2. MATLAB (ARCHIVO DE COMPUTADORA) | ||
| 650 | _aI. Campos, Olguín, Víctor, Tr. | ||
| 999 |
_c27432 _d27432 |
||